ՀՀ Գիտությունների ազգային ակադեմիայի հիմնարար գիտական գրադարան  =   Fundamental Scientific Library of NAS RA

Թիթեղյա թմբուկը = (Record no. 527786)

MARC details
000 -LEADER
fixed length control field 00950nam a2200253 a 4500
001 - CONTROL NUMBER
control field 484143
003 - CONTROL NUMBER IDENTIFIER
control field AM-YEHGA
005 - DATE AND TIME OF LATEST TRANSACTION
control field 20250618080119.0
008 - FIXED-LENGTH DATA ELEMENTS--GENERAL INFORMATION
fixed length control field 071120s2007 ai a|||gr|||||||||1|arm|d
020 ## - INTERNATIONAL STANDARD BOOK NUMBER
Canceled/invalid ISBN 978-5-550-01486-8
040 ## - CATALOGING SOURCE
Original cataloging agency AM-YeHGA
041 1# - LANGUAGE CODE
Language code of text/sound track or separate title arm
Language code of original ger
090 ## - LOCALLY ASSIGNED LC-TYPE CALL NUMBER (OCLC); LOCAL CALL NUMBER (RLIN)
-- 565905
100 1# - MAIN ENTRY--PERSONAL NAME
Personal name Գրաս, Գյունթեր
245 10 - TITLE STATEMENT
Title Թիթեղյա թմբուկը =
Remainder of title Die Blechtrommel : [Վեպ] /
Statement of responsibility, etc. Գ. Գրաս ; Թարգմ. գերմ., առաջաբանը և ծանոթագր.՝ Կ. Մատինյանի ; Խմբ.՝ Հ.Խ. Այվազյան.
246 11 - VARYING FORM OF TITLE
Title proper/short title Die Blechtrommel
260 ## - PUBLICATION, DISTRIBUTION, ETC.
Place of publication, distribution, etc. Երևան :
Name of publisher, distributor, etc. Նաիրի,
Date of publication, distribution, etc. 2007.
300 ## - PHYSICAL DESCRIPTION
Extent 692 էջ :
Other physical details դիմանկ. ;
Dimensions 21 սմ.
500 ## - GENERAL NOTE
General note Ծանոթագր., էջ՝ 685-686
650 14 - SUBJECT ADDED ENTRY--TOPICAL TERM
Topical term or geographic name entry element Գերմանական գրականություն
9 (RLIN) 5149
700 1# - ADDED ENTRY--PERSONAL NAME
Personal name Մատինյան, Կարլեն
Relator term թարգմ.
Relationship trl
700 1# - ADDED ENTRY--PERSONAL NAME
Personal name Այվազյան, Հ.Խ.
Relator term խմբ.
Relationship edt
942 ## - ADDED ENTRY ELEMENTS (KOHA)
Source of classification or shelving scheme Universal Decimal Classification
Koha item type Գրքեր / Books
Holdings
Withdrawn status Lost status Source of classification or shelving scheme Damaged status Not for loan Collection Home library Current library Date acquired Total checkouts Full call number Barcode Date last seen Price effective from Koha item type Public note
    Universal Decimal Classification     General Fundamental Scientific Library Fundamental Scientific Library 06/06/2023   AII/110358 FL0671976 06/06/2023 06/06/2023 Գրքեր / Books 30 Days Loan
    Universal Decimal Classification     General Fundamental Scientific Library Fundamental Scientific Library 15/06/2023   AII/110403 FL0679981 15/06/2023 15/06/2023 Գրքեր / Books 30 Days Loan


ՀՀ ԳԱԱ հիմնարար գիտական գրադարան
ՀՀ,Երևան 0019
Մարշալ Բաղրամյան 24/6
հեռախոս:(374-10) 52-47-50
Հետադարձ կապ

All site content, except where otherwise noted, is licensed under a
Creative Commons License